Twentieth-Century Britain: economic, social and cultural change

Spremljeno u:
Bibliografski detalji
Glavni autor: Johnson, Paul (Autor)
Format: Knjiga
Jezik:engleski
Izdano: Londres Longman 1994
Izdanje:1a. ed
Teme:
Oznake: Dodaj oznaku
Bez oznaka, Budi prvi tko označuje ovaj zapis!

MARC

LEADER 00000cam a2200000 a 4500
001 UCG9773
003 CL-VaPUC
008 120330e19940000UK |||||||||||||||||eng|d
020 |a 0582228174 
082 0 4 |a 941.082  |b JOH  |2 21 
100 |a Johnson, Paul  |e author  |9 582295 
245 1 0 |a Twentieth-Century Britain: economic, social and cultural change 
250 |a 1a. ed 
300 |a 514 p 
942 |c BK 
945 |d 20120330 00:00:00  |a dcastane 
260 |a Londres  |b Longman  |c 1994 
650 7 |a HISTORIA DE INGLATERRA SIGLO 20  |2 CL-VaPUC  |9 388269 
650 0 |a Cambio social   |9 256857 
650 0 |a Desarrollo económico y social   |9 256320 
583 |a last modification  |c 20120330 10:33:00  |k Rodrigo Vera 
999 |c 347316  |d 347314 
952 |0 0  |1 0  |4 0  |6 941_082000000000000_JOH_1994  |7 0  |8 A  |9 448571  |a BIBEDU  |b BIBEDU  |d 2019-11-22  |i 4842170  |o 941.082 JOH 1994  |p 4842170  |r 2019-11-22  |w 2019-11-22  |y BK  |k LIT